| 000 | 00856nam a2200241 i 4500 | ||
|---|---|---|---|
| 001 | 95039 | ||
| 003 | ES-MaACL | ||
| 005 | 20250801084634.0 | ||
| 007 | t| | ||
| 008 | 050520s1968 sp |||| |dspa d | ||
| 100 | 1 |
_aLukács, György, _d1885-1971 _974718 |
|
| 245 | 1 | 0 |
_aGoethe y su época / _cGeorg Lukács ; precedido de Minna von Barnhelm ; traducción castellana de Manuel Sacristán. |
| 250 | _a1ª ed. | ||
| 260 |
_aBarcelona : _bGrijalbo, _c1968. |
||
| 300 |
_a238 p. ; _c22 cm. |
||
| 490 | 1 |
_aObras completas ; _v6 |
|
| 600 | 1 | 4 |
_aGoethe, Johann Wolfgang von, _d1749-1832- _xCrítica e interpretación _957571 |
| 650 | 0 | 0 |
_aLiteratura alemana- _vHistoria y crítica _9184352 |
| 700 | 1 |
_aSacristán, Manuel, _d1925-1985 _9101268 |
|
| 830 | 0 |
_aObras completas ; _v6 _9176447 |
|
| 852 |
_aES-MaACL _jC-34625 |
||
| 999 |
_c95039 _d95039 |
||